• 首页
  • 本馆介绍
  • 公告通知
  • 最新文献
  • 馆藏检索
  • 电子资源
  • 读者导购
  • 参考咨询
  • 我的图书馆
  • 登录
  • 详细信息显示
  • 放入我的书架
  • 预约/预借图书
  • 作者相关作品
  • 分类相关作品
  • 丛书相关作品
  • 出版社相关作品

书目信息

  • 表格格式
  • 工作单格式
  • 卡片格式
题名:
回回民族的历史和现状
    
 
作者: 白寿彝 编著
分册:  
出版信息: 北京   民族出版社  1957
页数: 63页
开本: 20cm
丛书名:
单 册:
中图分类: K28
科图分类:
主题词: 中华民族--民族历史 , 中华民族--民族志
电子资源:
ISBN:
000 00585nam0 2200205 450
001 0633725874
005 20060424092423.10
010    @dCNY0.11
100    @a20060424d1957 km y0chiy0120 ea
101 0  @achi
102    @aCN@b110000
200 1  @a回回民族的历史和现状@Ahui hui min zu de li shi he xian zhuang@f白寿彝等编著@Fbai shou yi deng bian zhu
210    @a北京@c民族出版社@d1957
215 1  @a63页@d20cm
606 0  @a中华民族@x民族历史
606 0  @a中华民族@x民族志
690    @aK28@v4
701  0 @a白寿彝@Abai shou yi@4编著
801  0 @aCN@bPFT@c20060424
905    @a10447@dK28@e1
    
    回回民族的历史和现状/白寿彝等编著.-北京:民族出版社,1957
    63页;20cm
    
    
    ISBN :CNY0.11
    
●
相关链接 在E读中查询图书 在五车中查询图书 在当当中查询图书 在豆瓣中查询图书


正题名:回回民族的历史和现状     索取号:K28/1         预约/预借

序号 登录号 条形码 馆藏地/架位号 状态 备注
1 0001179   001581327   密集书库/ [索取号:K28/1] 在馆    
唐山师范学院图书馆 欢迎您!
大连网信软件有限公司© 版权所有